Picnic (Record no. 15649)
[ view plain ]
| 000 -LEADER | |
|---|---|
| fixed length control field | 02533ngm a22005057a 4500 |
| 006 - FIXED-LENGTH DATA ELEMENTS--ADDITIONAL MATERIAL CHARACTERISTICS--GENERAL INFORMATION | |
| fixed length control field | a|||||s|||||00| 0 |
| 007 - PHYSICAL DESCRIPTION FIXED FIELD--GENERAL INFORMATION | |
| fixed length control field | tz |
| 008 - FIXED-LENGTH DATA ELEMENTS--GENERAL INFORMATION | |
| fixed length control field | 110622s2005 cau|||||s|||| 00| 0 eng d |
| 020 ## - INTERNATIONAL STANDARD BOOK NUMBER | |
| International Standard Book Number | 0767827791 |
| 024 ## - OTHER STANDARD IDENTIFIER | |
| Standard number or code | 043396828797 |
| 082 ## - DEWEY DECIMAL CLASSIFICATION NUMBER | |
| Edition number | 22 |
| Classification number | 791.4372 |
| Item number | PIC |
| 245 00 - TITLE STATEMENT | |
| Title | Picnic |
| Medium | [videorecording] / |
| Statement of responsibility, etc | Columbia Pictures Corporation; screenplay by Daniel Taradash ; produced by Fred Kohlmar ; directed by Joshua Logan. |
| 260 ## - PUBLICATION, DISTRIBUTION, ETC. (IMPRINT) | |
| Place of publication, distribution, etc | Culver City, Calif. : |
| Name of publisher, distributor, etc | Sony Pictures Home Entertainment, 2005 |
| Date of publication, distribution, etc | 2005 |
| 300 ## - PHYSICAL DESCRIPTION | |
| Extent | 1 videodisc (ca. 113 min.) : |
| Other physical details | sd., col. ; |
| Dimensions | 4 3/4 in. |
| 500 ## - GENERAL NOTE | |
| General note | Originally released as a motion picture in 1955. |
| 500 ## - GENERAL NOTE | |
| General note | Based on the play by William Inge. |
| 500 ## - GENERAL NOTE | |
| General note | Special features: photo montage, vintage advertising, talent files, theatrical trailers |
| 508 ## - CREATION/PRODUCTION CREDITS NOTE | |
| Creation/production credits note | Director of photography, James Wong Howe ; music composed by George Duning; art director, William Flannery ; film editors, Charles Nelson, William A. Lyon |
| 511 ## - PARTICIPANT OR PERFORMER NOTE | |
| Participant or performer note | William Holden, Kim Novak, Susan Strasberg, Cliff Robertson, Rosalind Russell, Betty Field |
| 520 ## - SUMMARY, ETC. | |
| Summary, etc | The story covers one Labor Day week-end in a small Kansas town, and tells about the impact a virile drifter has on the lives of several women in town. |
| 521 ## - TARGET AUDIENCE NOTE | |
| Target audience note | MPAA rating: Rated PG. |
| 538 ## - SYSTEM DETAILS NOTE | |
| System details note | DVD ; Region 1, NTSC; full screen format (1.33:1 aspect ratio) ; Dolby digital. |
| 546 ## - LANGUAGE NOTE | |
| Language note | English with optional Spanish, Portuguese soundtrack, and with optional English, Spanish, Portuguese, Chinese, Korean, Thai subtitles; Closed-captioned. |
| 586 ## - AWARDS NOTE | |
| Awards note | 2 Academt Awards for Best Art Direction-Set Decoration, Color and Best Film Editing, 1955 |
| 650 ## - SUBJECT ADDED ENTRY--TOPICAL TERM | |
| 9 (RLIN) | 24627 |
| Topical term or geographic name as entry element | Love |
| Form subdivision | Drama |
| 650 ## - SUBJECT ADDED ENTRY--TOPICAL TERM | |
| 9 (RLIN) | 25065 |
| Topical term or geographic name as entry element | Man-woman relationships |
| Form subdivision | Drama |
| 653 ## - INDEX TERM--UNCONTROLLED | |
| Arrived date list | June2011 |
| -- | June2011 |
| 655 ## - INDEX TERM--GENRE/FORM | |
| Genre/form data or focus term | Feature films |
| 700 ## - ADDED ENTRY--PERSONAL NAME | |
| 9 (RLIN) | 25772 |
| Personal name | Nelson, Charles |
| Relator term | flm |
| 700 ## - ADDED ENTRY--PERSONAL NAME | |
| 9 (RLIN) | 25773 |
| Personal name | Lyon, William A. |
| Relator term | flm |
| 700 ## - ADDED ENTRY--PERSONAL NAME | |
| 9 (RLIN) | 25768 |
| Personal name | Flannery, William |
| Relator term | ard |
| 700 ## - ADDED ENTRY--PERSONAL NAME | |
| 9 (RLIN) | 25771 |
| Personal name | Duning, George |
| Relator term | cmp |
| 700 ## - ADDED ENTRY--PERSONAL NAME | |
| 9 (RLIN) | 25770 |
| Personal name | Howe, James Wong |
| Relator term | cng |
| 700 ## - ADDED ENTRY--PERSONAL NAME | |
| 9 (RLIN) | 25759 |
| Personal name | Kohlmar, Fred |
| Dates associated with a name | 1905-1969. |
| Relator term | pro |
| 700 ## - ADDED ENTRY--PERSONAL NAME | |
| 9 (RLIN) | 25760 |
| Personal name | Logan, Joshua |
| Relator term | drt |
| 700 ## - ADDED ENTRY--PERSONAL NAME | |
| 9 (RLIN) | 25761 |
| Personal name | Inge, William |
| Relator term | aut |
| Title of a work | Picnic |
| 700 ## - ADDED ENTRY--PERSONAL NAME | |
| 9 (RLIN) | 25762 |
| Personal name | Taradash, Daniel |
| Dates associated with a name | 1913-2003 |
| Relator term | aus |
| 700 ## - ADDED ENTRY--PERSONAL NAME | |
| 9 (RLIN) | 25763 |
| Personal name | Holden, William |
| Dates associated with a name | 1918-1981 |
| Relator term | act |
| 700 ## - ADDED ENTRY--PERSONAL NAME | |
| 9 (RLIN) | 25764 |
| Personal name | Novak, Kim |
| Relator term | act |
| 700 ## - ADDED ENTRY--PERSONAL NAME | |
| 9 (RLIN) | 25765 |
| Personal name | Strasberg, Susan |
| Relator term | act |
| 700 ## - ADDED ENTRY--PERSONAL NAME | |
| 9 (RLIN) | 25766 |
| Personal name | Robertson, Cliff. |
| Relator term | act |
| 700 ## - ADDED ENTRY--PERSONAL NAME | |
| 9 (RLIN) | 25767 |
| Personal name | Russell, Rosalind |
| Relator term | act |
| 700 ## - ADDED ENTRY--PERSONAL NAME | |
| 9 (RLIN) | 25768 |
| Personal name | Flannery, William |
| Relator term | ard |
| 942 ## - ADDED ENTRY ELEMENTS (KOHA) | |
| Source of classification or shelving scheme | Dewey Decimal Classification |
| Item type | CD | DVD - Movie (NB) |
| Withdrawn status | Lost status | Source of classification or shelving scheme | Damaged status | Not for loan | Koha collection | Location (home branch) | Sublocation or collection (holding branch) | Shelving location | Date acquired | Cost, normal purchase price | Invoice Number | Koha issues (times borrowed) | Koha full call number | Piece designation (barcode) | Koha date last seen | Price effective from | Koha item type |
|---|---|---|---|---|---|---|---|---|---|---|---|---|---|---|---|---|---|
| Dewey Decimal Classification | Baccah | Central Library | Central Library | Second Floor | 22/06/2011 | 163.00 | 12512 | 791.4372 PIC | 000024274 | 24/08/2022 | 22/06/2011 | CD | DVD - Movie (NB) |